Personajes de los Bubble Guppies por Fotos - Estadísticas

Estadísticas generales
  • Esta prueba ha sido intentada 5 veces
  • La puntuación promedio es 6 de 8
Estadísticas de respuestas
Imagen Respuesta % Correcto
Molly
100%
Bubble Puppy
80%
Deema
80%
Gil
80%
Nonny
80%
Oona
80%
Goby
60%
Mr Grouper
40%
No se encontraron pruebas coincidentes
Distribución de puntuación
Porcentaje de gente con cada puntuación
Porcentaje por número respondido
Historial de tus puntuaciones
No has intentado esta prueba.